The noble scholar, jurist, historian


 His Excellency Dr. Abdul Wahhab bin Ibrahim Abu Sulaiman, may Allah have mercy on him.


 He was born in Umm Al-Qura in the year 1356 AH.

المنتخب من معجم شيوخ السمعاني / (Record no. 5533)

MARC details
000 -LEADER
fixed length control field 02349cam a2200301 i 4500
003 - CONTROL NUMBER IDENTIFIER
control field SA-RiAUC
005 - DATE AND TIME OF LATEST TRANSACTION
control field 20250203080019.0
008 - FIXED-LENGTH DATA ELEMENTS--GENERAL INFORMATION
fixed length control field 250203s2008 ua g 000 0cara c
024 0# - OTHER STANDARD IDENTIFIER
Standard number or code 00000000286268
040 ## - CATALOGING SOURCE
Original cataloging agency OM-MuSQU
Language of cataloging ara
Transcribing agency SA-RiAUC
Modifying agency KAC
Description conventions rda
082 04 - DEWEY DECIMAL CLASSIFICATION NUMBER
Classification number 234.65
Assigning agency SA-RiAUC
090 ## - LOCALLY ASSIGNED LC-TYPE CALL NUMBER (OCLC); LOCAL CALL NUMBER (RLIN)
Classification number (OCLC) (R) ; Classification number, CALL (RLIN) (NR) 234.65
Local cutter number (OCLC) ; Book number/undivided call number, CALL (RLIN) س م ع
100 1# - MAIN ENTRY--PERSONAL NAME
Personal name السمعاني، عبد الكريم بن محمد بن منصور،
Dates associated with a name 506-562 هجري
Relator term مؤلف.
245 12 - TITLE STATEMENT
Title المنتخب من معجم شيوخ السمعاني /
Statement of responsibility, etc. لأبي سعيد عبد الكريم بن محمد بن منصور السمعاني ؛ تحقيق محمد عثمان.
250 ## - EDITION STATEMENT
Edition statement الطبعة الأولى.
264 #1 - PRODUCTION, PUBLICATION, DISTRIBUTION, MANUFACTURE, AND COPYRIGHT NOTICE
Place of production, publication, distribution, manufacture القاهرة :
Name of producer, publisher, distributor, manufacturer مكتبة الثقافة الدينية،
Date of production, publication, distribution, manufacture, or copyright notice 2008
300 ## - PHYSICAL DESCRIPTION
Extent 2 مجلد ؛
Dimensions 24 × 17 سم
336 ## - CONTENT TYPE
Content type term نص
Content type code txt
Source rdacontent
Materials specified كتاب
337 ## - MEDIA TYPE
Media type term بدون وسيط
Media type code n
Source rdamedia
338 ## - CARRIER TYPE
Carrier type term مجلد
Carrier type code nc
Source rdacarrier
504 ## - BIBLIOGRAPHY, ETC. NOTE
Bibliography, etc. note ببليوجرافية : صفحة 442-459.
505 0# - FORMATTED CONTENTS NOTE
Formatted contents note المحتويات : المجلد الأول-أبو أحمد بن أحمد بن إسحاق بن موسى الدندانقاني الصوفي-أبو القاسم أحمد بن إبراهيم بن أحمد بن إبراهيم بن أحمد بن إبراهيم بن أحمد-أبو مسعود أحمد بن إبراهيم بن محمد بن أحمد بن إبراهيم بن موسى-القاضي أحمد بن إسماعيل بن أحمد الجرباذقاني الواعظ، ويقال أبو علي ...-المجلد الثاني-القاضي أبو القاسم، عبد العزيز بن بدر بن إبراهيم بن بدر، الولاشجردي-أبو محمد، عبد العزيز بن محمد بن أبي جعفر بن بشكولة، الميهني، الصوفي-أبو بكر، عبد الغفار بن محمد بن الحسين بن علي بن شيرويه بن علي بن الحسن... وموضوعات أخرى.
650 #7 - SUBJECT ADDED ENTRY--TOPICAL TERM
Topical term or geographic name entry element طبقات رواة الحديث وحفاظه
Form subdivision تراجم
Source of heading or term aucsh
700 1# - ADDED ENTRY--PERSONAL NAME
Personal name نجاتي، محمد عثمان،
Dates associated with a name 1914-2000
Relator term محقق.
700 12 - ADDED ENTRY--PERSONAL NAME
Relationship information تحقيق لـ (عمل) :
Personal name السمعاني، عبد الكريم بن محمد بن منصور،
Dates associated with a name 506-562 هجري.
Title of a work المنتخب من معجم شيوخ السمعاني
942 ## - ADDED ENTRY ELEMENTS (KOHA)
Source of classification or shelving scheme Dewey Decimal Classification
Koha item type Books
949 ## - LOCAL PROCESSING INFORMATION (OCLC)
a SA-JeALM
d 250203
u khaled123
n 1
Holdings
Withdrawn status Lost status Source of classification or shelving scheme Materials specified (bound volume or other part) Damaged status Not for loan Home library Current library Date acquired Total checkouts Full call number Barcode Date last seen Price effective from Koha item type
    Dewey Decimal Classification المجلد الاول     DR AbdElwahab Library DR AbdElwahab Library 02/03/2025   234.65 س م ع 000009087 02/03/2025 02/03/2025 Books
    Dewey Decimal Classification المجلد الثاني     DR AbdElwahab Library DR AbdElwahab Library 02/03/2025   234.65 س م ع 000009088 02/03/2025 02/03/2025 Books